Животът - спомен за сън (Запис номер 489180)
[ съкратено ]
| 000 -Лидер | |
|---|---|
| Контролно поле с фиксирана дължина | 02111nam a2200337 a 4500 |
| 003 - Код на организацията, давaща контролен номер | |
| Контролно поле | BLK |
| 005 - Дата и час на последна редакция | |
| Контролно поле | 20250312152753.0 |
| 008 - Елементи от данни с фиксирана дължина | |
| fixed length control field | 230317b bu |||||r|||| 00| | bu d |
| 020 ## - Международен стандартен номер на книга ISBN | |
| Международен стандартен номер на книга ISBN | 9786197372540 |
| 040 ## - Източник на каталожния запис | |
| Идентификатор на билиотеката - собственик на записа | BLK |
| 041 ## - Код за език | |
| Код за езика на текст/звукозапис или на отделно заглавие | Български |
| Код за езика КДБФ | Български |
| 080 ## - УДК | |
| Текстов определител УДК | Българска литература |
| УДК код - определител по УДК | 821.163.2 |
| УДК определител | (092)(047.53) |
| УДК - код + определител | 821.163.2(092)(047.53) |
| 080 ## - УДК | |
| Текстов определител УДК | Български поет, писател, журналист |
| УДК код - определител по УДК | 929 Левчев, Владимир Любомиров |
| УДК - код + определител | 929 Левчев, Владимир Любомиров |
| 100 1# - Редна дума - Автор | |
| Автор | Левчев, Владимир Любомиров |
| Дати, свързани с автора | 1957- |
| Автор - информация (биография) | Поет, писател, изкуствовед. Преводач от английски и руски език |
| R(LIN) | 88159 |
| 139 ## - Редно поле | |
| Редна дума | Левчев, Владимир Любомиров |
| Авторски знак | Левс - Л 36 |
| 245 ## - Сведения за заглавието | |
| Заглавие | Животът - спомен за сън |
| Подзаглавни данни | Литературна анкета с Владимир Левчев |
| Редно поле (дума) | въпросите зададе Боряна Владимирова |
| 260 ## - Област на издателските данни | |
| 9 (RLIN) | 391695 |
| Място на издаване, разпространение и проч. | София |
| Име на издателя, разпространителя и проч. | Изд. център Боян Пенев при Инст. за лит. - БАН |
| Година на издаване | 2022 |
| Печатница | София : Дайрект сървисиз |
| 300 ## - Физическа характеристика | |
| Страници | 192 с. |
| Илюстрации и др. | с ил. |
| Размери/Мащаб | 21 см |
| 380 ## - Жанр | |
| Жанр | Литературознание |
| 490 ## - СЕРИИ (Колекции) | |
| 9 (RLIN) | 201749 |
| Име на серия | Литературни анкети |
| 500 ## - Общи забележки | |
| Забележка | Владимир Левчев през погледа на другите: с. 150-191<br/>Изд. на БАН. Институт за лит.<br/>Сер. загл. на гърба на кор.: Поредица Литературни анкети<br/>Рец.: Морис Фадел, Иван Христов |
| 650 #0 - Допълнително описание по предмет – тема | |
| Основно описание – тема или топоним | Писатели, български - интервюта |
| 9 (RLIN) | 286485 |
| 650 #0 - Допълнително описание по предмет – тема | |
| 9 (RLIN) | 244446 |
| Основно описание – тема или топоним | България - литературознание |
| 653 #7 - Ключова дума – ненормативна | |
| 9 (RLIN) | 182706 |
| Ключова дума | български писатели |
| 700 ## - Други автори (авторска отговорност) | |
| 9 (RLIN) | 519 |
| Лично име | Владимирова, Боряна Владимирова |
| Автороска отговорност (Описва отношението между автора и произведението) | въпросите зададе |
| 852 ## - Местоположение | |
| Форматна сигнатура | Цб 316432 |
| Фондова буква | Хранилище |
| 856 ## - Електронен адрес и достъп | |
| Инструкция (цена за достъп) | 0.00 |
| Права за достъп | disable |
| 942 ## - АРТИКУЛИ | |
| Вид на библиотечния материал | Книги |
| Скрит в OPAC | Не |
| Периодичен библиозапис | Да |
| 944 ## - СЪЗДАВАНЕ И РЕДАКЦИЯ на ЗАПИСА | |
| Създаване/Редакция | Създаване |
| Дата на регистрацията/редакция | 2023-03-17 |
| Служител, извършил регистрацията/редакцията | 30560 |
| Статус, дата на статуса | Геновева Генчева |
| 999 ## - СИСТЕМНИ КОНТРОЛНИ НОМЕРА | |
| Koha biblionumber | 489180 |
| Koha biblioitemnumber | 489180 |
| 999 ## - СИСТЕМНИ КОНТРОЛНИ НОМЕРА | |
| Koha biblioitemnumber | 489180 |
| Код за отписване | Код за изгубен артикул | Източник на класификационната схема | Код за повреда | Коз за рестрикции | Код за отдаване | Артикулен № | Име на библиотеката - собственик | Име на библиотеката, в която се намира в момента | Статус (Текущо местоположение) | Дата на вписване в системата | Местоположение - отдел | Цена в лева | Инвентарен номер | Систематично азбучна сигнатура | Баркод | Цена в евро | Служебен тип на артикула | Номерация (Хронология) |
|---|---|---|---|---|---|---|---|---|---|---|---|---|---|---|---|---|---|---|
| Не е изгубен | Universal Decimal Classification | Не е повреден | само за читалня | ползва се в читалня | 924082 | Регионална библиотека "Любен Каравелов" Русе | Регионална библиотека "Любен Каравелов" Русе | Хранилище | 2023-03-20 | Хранилище | 14.00 | 120000883297 | Цб 316432 | 120000883297 | 7.16 | Книги | ||
| Не е изгубен | Universal Decimal Classification | Не е повреден | заемане за дома | 934759 | Регионална библиотека "Любен Каравелов" Русе | Регионална библиотека "Любен Каравелов" Русе | Заемна - подръчен фонд | 2023-10-23 | Заемна - подръчен фонд | 14.00 | 120000893922 | 821.163.2.09(092)/Л 36 В | 120000893922 | 7.16 | Книги | |||
| Не е изгубен | Universal Decimal Classification | Не е повреден | само за читалня | ползва се в читалня | 934790 | Регионална библиотека "Любен Каравелов" Русе | Регионална библиотека "Любен Каравелов" Русе | Хранилище | 2023-10-24 | Основен фонд - ползва се само за читалня | 14.00 | 120000893953 | Цб 319678 | 120000893953 | 7.16 | Книги | С автограф от автора. |